Statistiques concernant Citations du Seigneur des Anneaux (QCM)

Cliquez ici pour prendre le quiz!

Statistiques générales

  • Ce quiz a été pris 404 fois
  • Le résultat moyen est 6 sur 8

Statistiques - réponses

QuestionRéponse% Correct
"Vous ne _____ pas !"passerez
99%
"Trois furent donnés au elfes, immortels, les plus sages et les plus respectables de tous les êtres, sept aux seigneurs nains grand mineurs et sculpteurs de la montagne et neuf anneaux furent donnés à la race _____ qui par dessus tout désiraient le pouvoir"des hommes
96%
"Un Anneau pour les gouverner tous ; un Anneau pour les trouver ; Un Anneau pour les amener tous et _____."dans les ténèbres les lier
88%
"Je préfère partager une vie de mortelle avec vous que de devoir affronter _____ de ce monde toute seule."tous les âges
82%
"Un magicien n’est jamais en retard, ni en avance d’ailleurs Frodon Sacquet. Il arrive précisément _____."à l’heure prévue
78%
"Beaucoup de choses existaient jadis mais aucun de ceux qui vivent aujourd’hui _____."ne s’en souviennent
75%
"C’est à moi de décider à qui offrir ma vie, tout comme _____."mon cœur
59%
"Ne soyez pas trop prompt à dispenser morts et jugements. Même les grands sages ne peuvent connaître _____."toutes les fins
50%

Distribution des résultats

Percentile par nombre de réponses

% des personnes avec chaque résultat

Votre développement - résultats

Vous n’avez pas pris ce quiz